Far away moon / (Record no. 9120)

MARC details
000 -LEADER
fixed length control field 00818nam a22002657a 4500
001 - CONTROL NUMBER
control field 9120
003 - CONTROL NUMBER IDENTIFIER
control field FISKH
005 - DATE AND TIME OF LATEST TRANSACTION
control field 20251124101126.0
008 - FIXED-LENGTH DATA ELEMENTS--GENERAL INFORMATION
fixed length control field 251124b cb ||||| |||| 00| 0 eng d
020 ## - INTERNATIONAL STANDARD BOOK NUMBER
International Standard Book Number 9780478029246
040 ## - CATALOGING SOURCE
Original cataloging agency FISKH
Language of cataloging eng
Transcribing agency FISKH
Modifying agency FISKH
050 ## - LIBRARY OF CONGRESS CALL NUMBER
Classification number PZ7.B9827 F
082 ## - DEWEY DECIMAL CLASSIFICATION NUMBER
Classification number 428.62
100 ## - MAIN ENTRY--PERSONAL NAME
Personal name Buxton, Jane
245 ## - TITLE STATEMENT
Title Far away moon /
Statement of responsibility, etc. by Jane Buxton ; Illustrated by Karen Oppatt
260 ## - PUBLICATION, DISTRIBUTION, ETC.
Place of publication, distribution, etc. Wellington :
Name of publisher, distributor, etc. Learning Media,
Date of publication, distribution, etc. 1996.
300 ## - PHYSICAL DESCRIPTION
Extent 12 pages :
Other physical details color illustrations ;
Dimensions 19 x 21 cm
505 ## - FORMATTED CONTENTS NOTE
Formatted contents note E<br/>
520 ## - SUMMARY, ETC.
Summary, etc. Reading Science is an ideal resource to develop non-fiction reading skills across a range of text types.
521 8# - TARGET AUDIENCE NOTE
Target audience note 180<br/>
Source Lexile <br/>
521 8# - TARGET AUDIENCE NOTE
Target audience note E<br/>
Source Raz-Plus<br/>
700 ## - ADDED ENTRY--PERSONAL NAME
Personal name Oppatt, Karen
Relator term illustrator
942 ## - ADDED ENTRY ELEMENTS (KOHA)
Source of classification or shelving scheme Dewey Decimal Classification
Koha item type Books
Suppress in OPAC No
Holdings
Withdrawn status Lost status Source of classification or shelving scheme Damaged status Not for loan Collection Home library Current library Shelving location Date acquired Total Checkouts Full call number Barcode Date last seen Copy number Price effective from Koha item type
    Dewey Decimal Classification     Juvenile Fiction Footprints International School Library Network Toul Tom Poung Campus Footprints International School Library Network Toul Tom Poung Campus TTP Primary Green Bookshelves 11/24/2025   BUX 428.62 PZ7.B9827 F FISBK05941 11/24/2025 1 11/24/2025 Books